Animals by Hint - Hard - Statistics

General Stats
  • This quiz has been taken 23 times
  • The average score is 8 of 20
Answer Stats
Hint Answer % Correct
Salamander only native to the area around Mexico City, who does not undergo a complete metamorphosis. Axolotl
85%
Electric Fish which is the namesake for an underwater weapon. Electric Ray (Torpedo)
85%
Crustacean that uses highly pressurized water in it's claws to release a gun-like blast. Pistol Shrimp
77%
Malagasy Lemur known for it's uncomfortably long finger it uses to catch grubs. Aye-aye
69%
Dubiously named Knifefish able to deliver an electric shock of up to 860 volts. Electric Eel
69%
Thin-snouted Crocodilian named for the characteristic 'wart' on males. Gharial
69%
Marmot-like Elephant relative known for it's 'aweewo' call. Hyrax
69%
Filter-feeding Crustacean that forms it's shell out of a concrete-like substance. Barnacle
46%
Only extant Giant Salamander native to the New World. Hellbender
38%
Unusual bird known for it's claw-bearing chicks and ability to ruminate. Hoatzin
31%
Primitive, wingless, three-tailed Insect that lives in moist places and loves eating rotting wood. Silverfish
31%
Legless Lizard who gets it's name from it's willingness to drop it's tail. Glass Lizard
23%
Turaco named for it's loud foreboding call. Go-away Bird
23%
Raccoon relative also known as a 'Honey Bear' or 'Night Walker'. Kinkajou
23%
Type of fish known for seeking refuge in the bowels of Sea Cucumbers. Pearlfish
23%
Potentially extinct 'Asian Unicorn'. Saola
23%
One of the most recently discovered groups of insects, only found in South Africa, Namibia, and Tanzania. Gladiator
15%
Simplistic Chordate that diverged from other backboned animals around 500 million years ago. Lancelet
15%
Whale that was classified as it's own species in 2021. Rice's Whale
15%
Free-swimming Sea Snail named for it's pronounced 'wings'. Sea Butterfly
15%
No matching quizzes found
Score Distribution
Percent of People with Each Score
Percentile by Number Answered
Your Score History
You have not taken this quiz